000 006650000a22001810004500
003 MACL
005 20151208140257.0
008 151208b xxu||||| |||| 00| 0 eng d
040 _aMACL
_cMACL
041 _aHindi
082 _a741.642
100 _aब्रिजेन्‍द नाथ शर्मा
_919776
245 _aन्‍यू जूनियर एनसाइक्‍लोपीडिया (विश्‍वकोश)
260 _bपीताम्‍बर पब्लिशिंग कम्‍पनी प्रा लि
_c1992
350 _a400
650 _aचिल्‍डन बुक
_9314
942 _cHIN
_k741.642
_2ddc
999 _c20744
_d20744